000 00719nam a2200253Ia 4500
003 OSt
005 20221007072858.0
006 a|||||r|||| 00| 0
007 ta
008 221006b |||||||| |||| 00| 0 eng d
024 _a9,475
037 _cTextual
040 _aFLL
_cFLL
_beng
041 _2eng
_aeng
082 _aZ2,2673, N8
100 _aFirth Alison Au.
_9691555
245 0 _aReadings in intellectual property
260 _aLondon
_bSweet and Maxwell London
_c1998
300 _ax,560p
_ccm.
650 _aIntellectual property
_9583124
700 _a Lane Shelley Au.
_9691556
942 _hZ2,2673, N8
_cTEXL
_2CC
999 _c1147167
_d1147167